Biggest city in each Danish subdivision. - Statistics

General Stats
  • This quiz has been taken 31 times
  • The average score is 6 of 8
Answer Stats
subdivision city % Correct
east jutland aarhus
100%
copenhagen city copenhagen
100%
noth jutland aalborg
96%
funen odense
81%
south jutland esbjerg
74%
zealand roskilde
59%
bornholm Rønne
41%
west jutland herning
37%
No matching quizzes found
Score Distribution
Percent of People with Each Score
Percentile by Number Answered
Your Score History
You have not taken this quiz